| 000 | 02080cam a2200325 i 4500 | ||
|---|---|---|---|
| 003 | DO-SdBNP | ||
| 005 | 20240625101104.0 | ||
| 007 | ta | ||
| 008 | 240625s2003 cu 000 f spa d | ||
| 020 | _a9592600732 | ||
| 040 |
_aDO-SdBNP _cspa _dBNPHU _erda |
||
| 082 |
_a070.44 _bC3469i _222 |
||
| 100 | 1 |
_aCastaño Hoyos, José Alejandro _d1972- _eautor _985782 |
|
| 245 | 1 | 3 |
_aLa isla de Morgan / _cJosé Alejandro Castaño |
| 264 | 1 |
_aLa Habana, Cuba : _bFondo Editorial Casa de las Américas, _c2003. |
|
| 264 | 3 | _c2018. | |
| 300 |
_a92 páginas _c19 cm. |
||
| 336 |
_2rdacontent _atexto _btxt |
||
| 337 |
_2rdamedia _asin mediación _bn |
||
| 338 |
_2rdacarrier _avolumen _bnc |
||
| 490 | 1 | _aLiteratura Testimonial | |
| 500 | _aIncluye datos biografícos del autor en la solapa dela contraportada. | ||
| 520 | _aLa ciudad tiene mil caras, en sus calles, sus rostros y sus escenarios, se ocultan también mil historias. La isla de Morgan es un relato sobre una de esas realidades que pocos conocen a fondo: Las cuevas de Barrio Triste, escenario de una de las más grandes tragedias sociales de los últimos años en Medellín. En su estilo testimonial, que no teme llamar a las cosas por su nombre, José Alejandro Castaño, escritor, cronista y periodista Colombiano, nos narra una historia que en muchos momentos parece sacada de la ficción más retorcida. Injusticia social, discriminación, abandono e insensibilidad, son sólo algunas de las realidades que allí se ilustran, por lo cual es un libro no recomendado para quienes huyen de la cara más dura de lo real. Los escenarios, acontecimientos y personajes se presentan en la historia de una forma muy cinematográfica, llevando al lector del repudio a la ternura, de la risa al asombro, de la misma manera que si estuviese sentado en una sala de cine. | ||
| 586 | _aPremio Casa de las Américas, 2003. | ||
| 590 | _aInventariado, 2024/ YL | ||
| 650 | 1 | 4 |
_aCrónicas Periodísticas _985785 |
| 650 | 1 | 4 |
_aVida cotidiana _zMedellín [Antioquia, Colombia] _985786 |
| 910 | _aYLockward | ||
| 942 |
_2ddc _cLBS1 |
||
| 999 |
_c56961 _d56961 |
||